| 000 | 00622nam a2200217 i 4500 | ||
|---|---|---|---|
| 001 | 42836 | ||
| 003 | ES-MaACL | ||
| 005 | 20250712062542.0 | ||
| 007 | t| | ||
| 008 | 030314s1965 sp ||||1| spa d | ||
| 080 | _a821.134.2-92"19" | ||
| 100 | 1 |
_aCela, Camilo José, _d1916-2002 _937336 |
|
| 245 | 1 | 0 |
_aPáginas de geografía errabunda / _cCamilo José Cela. |
| 250 | _a1ª ed. | ||
| 260 |
_aMadrid : _bAlfaguara, _c1965. |
||
| 300 |
_a318 p., VII lám. ; _c18 cm. |
||
| 490 | 1 | _aLas botas de siete leguas | |
| 830 | 1 |
_aLas botas de siete leguas _9187209 |
|
| 852 | 4 |
_aES-MaACL _jC-28903 |
|
| 999 |
_c42836 _d42836 |
||